| 000 | 01088aab a2200241 i 4500 | ||
|---|---|---|---|
| 001 | 768714001 | ||
| 003 | CO-MdFUSB | ||
| 005 | 20240710163848.0 | ||
| 008 | 240710t2008 sz ||||| |||| 00| 0 eng d | ||
| 040 |
_bspa _cCO-MdFUSB |
||
| 041 | _aeng | ||
| 100 | 1 |
_aVisser, Douwe _eautor |
|
| 245 | 1 | 0 |
_aEphesians 4, the context of a theme _c/ Douwe Visser |
| 520 | _aEl tema del Consejo Unificador de la WARC y el REC tiene su contexto en Efesios 4. Douwe Visser explica cómo las dos palabras clave del tema, unidad y paz, son también las palabras clave de Efesios 4. Su artículo deja claro cómo los dos llamados centrales de LA WCRC -comunión y justicia- tienen un trasfondo bíblico en este pasaje. | ||
| 546 | _aTexto en inglés. | ||
| 630 | 0 | 7 |
_aBiblia. _pEfesios _xCrítica, interpretación, etc. |
| 650 | 7 |
_aHermenéutica bíblica _97333 |
|
| 650 | 0 |
_aComunión _91156 |
|
| 650 | 0 |
_aPaz _92052 |
|
| 773 | 0 |
_tReformed World _049396 _959497 _gVolumen 58, (número 2 & 3, 2008) páginas: 95 - 98 _qpáginas: 95 |
|
| 942 | _cANA | ||
| 945 | _aCatherine Arias Álvarez - Practicante SENA | ||
| 999 |
_c62743 _d62743 |
||